000 00725nam a22002177a 4500
999 _c35763
_d35763
005 20210318162656.0
008 100428t xxu||||| |||| 00| 0 eng d
010 _aB-421840-873
020 _c245.00
_a9780230638815
035 _aB-421840-873
037 _bPUB
040 _adpl
_bEnglish
082 _a808.6
245 _aThe complete letter writer:
_bto get the results you want
260 _aNew Delhi
_bMacmillan
_c2009
270 _a2/10, Ansari Road, Daryaganj
_bNew Delhi
_e110002
300 _a288p.
_c25cm(pbk)
500 _aIncludes index
942 _2ddc
_cEN
_mCOM
_h808.6